| 000 | 01237nam a2200313 i 4500 | ||
|---|---|---|---|
| 001 | 181013 | ||
| 003 | ES-MaACL | ||
| 005 | 20250617190946.0 | ||
| 008 | 121001s2010 sp aceo |||| | spa d | ||
| 020 | _a978-84-9873-089-0 | ||
| 080 | _a656.342:061.5(460.27 M.) | ||
| 245 | 0 | 0 |
_a90 años de metro en Madrid _b: de Cuatro Caminos a Hospital del Henares / _cCésar Mohedas, Juan C. Zamorano, Jaime Touzón ... [et al.]. |
| 246 | 3 | _aNoventa años de metro en Madrid | |
| 250 | _a1ª ed. | ||
| 260 |
_aMadrid : _bLa Librería, _c2010. |
||
| 300 |
_a96 p. : _bil. col. y n., fot., planos ; _c35 cm. |
||
| 504 | _aBibliografía: p. 96. | ||
| 505 | 8 |
_aContiene: Prólogo ; _tMetro de Madrid, la ciudad por dentro / _rpor Ángel del Río |
|
| 610 | 2 | 7 |
_aMetro de Madrid. _9151507 |
| 700 | 1 |
_aMohedas García, César. _9151508 |
|
| 700 | 1 |
_aZamorano Guzmán, Juan Carlos. _9151509 |
|
| 700 | 1 |
_aTouzón Menéndez, José Jaime. _9151510 |
|
| 700 | 1 |
_aRío López, Ángel del, _d1950-2022 _997330 |
|
| 740 | 0 | _aMetro de Madrid, la ciudad por dentro. | |
| 852 |
_aES-MaACL _9187894 _bR.148451 _jA-12231 _dOlim N-5236 _cDEPO1 |
||
| 942 |
_2udc _cMONOGRAFIA |
||
| 999 |
_c181013 _d181013 |
||